[Event "Vienna Advent op"]
[Site "Vienna"]
[Date "2023.12.17"]
[Round "7"]
[White "Kravchuk, Aleksandr"]
[Black "Lipp, Alfred"]
[Result "0-1"]
[WhiteElo "1721"]
[BlackElo "1999"]
[PlyCount "128"]
[EventDate "2023.12.11"]
[EventType "swiss"]
[EventRounds "7"]
[EventCountry "AUT"]
[SourceTitle "CB51_2023"]
[SourceDate "2023.12.20"]
[SourceVersion "1"]
[SourceVersionDate "2023.12.20"]
[SourceQuality "1"]

1. e4 c5 2. Nf3 d6 3. d4 cxd4 4. Nxd4 Nf6 5. Nc3 g6 6. Be3 Bg7 7. f3 0-0 8. Qd2 Nc6 9. Bc4 Bd7 10. 0-0-0 Rc8 11. Bb3 Ne5 12. h4 h5 13. Kb1 a6 14. Bg5 Rc5 15. Nde2 b5 16. Nd5 Nxd5 17. Bxd5 a5 18. Nf4 b4 19. Nd3 Nc4 20. Bxc4 Rxc4 21. Nf4 Bc6 22. Nd5 Bxd5 23. exd5 Qc7 24. Rhe1 Re8 25. Re2 Rd4 26. Qe1 Rxd1+ 27. Qxd1 Qb7 28. Qd3 a4 29. b3 a3 30. Re4 Kf8 31. Bd2 Qb6 32. Be3 Qa5 33. Qc4 Rb8 34. Bd2 Qc5 35. Qxc5 dxc5 36. Rc4 Bd4 37. c3 bxc3 38. Bxc3 Bxc3 39. Rxc3 Rb5 40. Kc2 Ke8 41. Rc4 Kd7 42. Ra4 Kd6 43. Rxa3 Rb7 44. Kc3 Kxd5 45. Ra4 e5 46. Ra6 Rb4 47. g3 e4 48. fxe4+ Rxe4 49. Rf6 Re3+ 50. Kd2 Rxg3 51. Rxf7 Rg2+ 52. Kc3 Rxa2 53. Rf6 Rg2 54. Kd3 Rg3+ 55. Kc2 c4 56. bxc4+ Kxc4 57. Kd2 Kd4 58. Ke2 Ke5 59. Kf2 Kxf6 60. Kxg3 Ke5 61. Kf3 Kf5 62. Kg3 Ke4 63. Kg2 Kf4 64. Kh3 Kf3 0-1

[Event "Vienna Advent op"]
[Site "Vienna"]
[Date "2023.12.15"]
[Round "5"]
[White "Kravchuk, Aleksandr"]
[Black "Weichhart, Daniel"]
[Result "1/2-1/2"]
[WhiteElo "1721"]
[BlackElo "1852"]
[PlyCount "117"]
[EventDate "2023.12.11"]
[EventType "swiss"]
[EventRounds "7"]
[EventCountry "AUT"]
[SourceTitle "CB51_2023"]
[SourceDate "2023.12.20"]
[SourceVersion "1"]
[SourceVersionDate "2023.12.20"]
[SourceQuality "1"]

1. e4 c5 2. Nf3 Nc6 3. d4 cxd4 4. Nxd4 e5 5. Nb5 d6 6. N1c3 a6 7. Na3 Be7 8. Nc4 b5 9. Ne3 Nf6 10. Bd3 Be6 11. a4 b4 12. Ncd5 0-0 13. 0-0 a5 14. Re1 Nb8 15. Kh1 Nbd7 16. f3 Nc5 17. Bc4 Rc8 18. b3 Nxd5 19. Nxd5 Bxd5 20. Qxd5 Ne6 21. Bb2 Nd4 22. Bxd4 exd4 23. Rad1 Bf6 24. Qh5 Rc5 25. Qh3 Re8 26. f4 Qe7 27. Bd3 g6 28. g3 Bg7 29. Qg2 Qb7 30. Re2 Rc7 31. Rde1 Rce7 32. Bb5 Rc8 33. Bd3 Qc6 34. Bc4 Qc5 35. Qf3 Rce8 36. Bb5 Rd8 37. Bc4 Qc6 38. Kg2 Kf8 39. Bb5 Qc5 40. Bc4 Rc8 41. Qd3 Qh5 42. Qf3 Qc5 43. Qd3 Qc6 44. Bb5 Qa8 45. Qf3 Rc3 46. Bd3 Qb8 47. Rd1 Qc7 48. Rde1 Qc5 49. Rd1 Qc8 50. Rde1 Qb8 51. Rf1 Qc8 52. Rfe1 Qe8 53. Qf2 Qa8 54. Qf3 Qb8 55. Kh1 Qb7 56. Qg2 Qb8 57. Rd1 Rec7 58. Rde1 Re7 59. Rd1 1/2-1/2

[Event "Vienna Advent op"]
[Site "Vienna"]
[Date "2023.12.12"]
[Round "2"]
[White "Hoegl, Emanuel"]
[Black "Kravchuk, Aleksandr"]
[Result "1-0"]
[WhiteElo "2104"]
[BlackElo "1721"]
[PlyCount "57"]
[EventDate "2023.12.11"]
[EventType "swiss"]
[EventRounds "7"]
[EventCountry "AUT"]
[SourceTitle "CB51_2023"]
[SourceDate "2023.12.20"]
[SourceVersion "1"]
[SourceVersionDate "2023.12.20"]
[SourceQuality "1"]

1. d4 Nf6 2. c4 e6 3. Nf3 b6 4. g3 Ba6 5. b3 Bb4+ 6. Bd2 Be7 7. Bg2 c6 8. 0-0 0-0 9. Bc3 d5 10. Ne5 Nfd7 11. Nd2 Nxe5 12. dxe5 Bb7 13. Qc2 Nd7 14. Rfd1 Qc7 15. Qb2 Rac8 16. Rac1 Qb8 17. cxd5 cxd5 18. e4 dxe4 19. Nxe4 Rcd8 20. Nf6+ gxf6 21. exf6 Nxf6 22. Bxf6 Bxf6 23. Qxf6 Bxg2 24. Kxg2 Qb7+ 25. f3 Rxd1 26. Rxd1 Qc6 27. Rd4 Qc2+ 28. Kh3 Qf5+ 29. Rg4+ 1-0